A unique handbook for health & beauty / (Record no. 147248)

MARC details
000 -LEADER
fixed length control field 00555nam a22001817a 4500
005 - DATE AND TIME OF LATEST TRANSACTION
control field 20171113100350.0
010 ## - LCCN (DPL NO)
LC control number ENG-121301
020 ## - INTERNATIONAL STANDARD BOOK NUMBER
Terms of availability 225.00
035 ## - SYSTEM CONTROL NUMBER
System control number EN-104833
037 ## - SOURCE OF ACQUISITION
Source of stock number/acquisition DBAD/PUB
082 ## - DEWEY DECIMAL CLASSIFICATION NUMBER
Classification number 615.836
100 ## - MAIN ENTRY--PERSONAL NAME
Personal name Naseema Rajshekhar
245 ## - TITLE STATEMENT
Title A unique handbook for health & beauty /
Statement of responsibility, etc by Naseema Rajsekhar
260 ## - PUBLICATION, DISTRIBUTION, ETC. (IMPRINT)
Place of publication, distribution, etc Narasaraopet
Name of publisher, distributor, etc Naseema Rajeskhar
Date of publication, distribution, etc 2010
270 ## - ADDRESS
Address Murali Offset Printers, Srirampuram
City Narasaraopet
Postal code 522601
300 ## - PHYSICAL DESCRIPTION
Extent 218p. :
Dimensions 21cm (Pbk)
Other physical details ill.
942 ## - ADDED ENTRY ELEMENTS (KOHA)
Source of classification or shelving scheme Dewey Decimal Classification
Item type English Books
Classification part 615.836
Call number suffix RAJ
Holdings
Withdrawn status Lost status Not for loan Collection code Home library Current library Date acquired Source of acquisition Cost, normal purchase price Full call number Barcode Copy number Cost, replacement price Koha item type
    Not For Loan Non-fiction D.B.Act.Division Bawana 07/11/2017 DBAD/PUB 225.00 615.836 RAJ EN-104833 1 225.00 English Books

© Delhi Public Library
Hit Counter
free hit counter